Intelligent error correction communication (COOMINT) system / (Record no. 183248)

000 -LEADER
fixed length control field 00806 a2200193 4500
003 - CONTROL NUMBER IDENTIFIER
control field NUST
005 - DATE AND TIME OF LATEST TRANSACTION
control field 20251112182423.0
040 ## - CATALOGING SOURCE
Transcribing agency Nust
082 ## - DEWEY DECIMAL CLASSIFICATION NUMBER
Classification number 621.382,KAL
100 ## - MAIN ENTRY--PERSONAL NAME
Personal name Kalimi , Umair GC (TCC-13)
9 (RLIN) 131866
245 ## - TITLE STATEMENT
Title Intelligent error correction communication (COOMINT) system /
Statement of responsibility, etc. GC Umair Kalimi , GC Amjad Amir , GC Ammar Aurangzeb and GC Imran Shah
260 ## - PUBLICATION, DISTRIBUTION, ETC.
Place of publication, distribution, etc. Rawalpindi
Name of publisher, distributor, etc. MCS (NUST)
Date of publication, distribution, etc. 2005
300 ## - PHYSICAL DESCRIPTION
Extent 126 p.;
505 ## - FORMATTED CONTENTS NOTE
Formatted contents note Introduction to Channel Coding (Page-1), Hamming Codes (Page-9), Cyclic Redundant Cheek Codes (Page-150, Generalized Reed-Solomon Codes (Page-22), Convolutional Codes (Page-28), Error Pattern Detection (Page-42).
650 ## - SUBJECT ADDED ENTRY--TOPICAL TERM
Topical term or geographic name entry element UG Projects
9 (RLIN) 98716
651 ## - SUBJECT ADDED ENTRY--GEOGRAPHIC NAME
Geographic name TCC-13
9 (RLIN) 126050
700 ## - ADDED ENTRY--PERSONAL NAME
Personal name Supervised by Asst Prof. Fazal Ahmed
9 (RLIN) 131867
942 ## - ADDED ENTRY ELEMENTS (KOHA)
Koha item type Project Report
Source of classification or shelving scheme
Holdings
Withdrawn status Lost status Source of classification or shelving scheme Damaged status Not for loan Permanent Location Current Location Shelving location Date acquired Full call number Barcode Date last seen Price effective from Koha item type Public note
          Military College of Signals (MCS) Military College of Signals (MCS) Reference 12/12/2016 621.382,KAL MCSPTC-60 12/08/2016 12/12/2016 Project Report Almirah No. 94, Shelf No. 2
© 2023 Central Library, National University of Sciences and Technology. All Rights Reserved.